000 00432nam a2200157 i 4500
001 49360
003 ES-MaACL
005 20230906161932.0
007 t|
008 030715s1919 fr ||||1| fre d
100 1 _aCorthis, André.
_940927
245 1 0 _aPour moi seule
_b: normas /
_cAndré Corthis.
260 _aParis :
_b[s.n.],
_c1919 (
_fImprimerie artistique lux)
300 _a254 p. ;
_c19 cm.
852 _aES-MaACL
_jF-12994
999 _c49360
_d49360